Efektívnosť investičných stimulov

Charakteristika investičných stimulov. Investičné stimuly - fiškálne, finančné, ostatné investičné stimuly. Meranie efektívnosti investičných stimulov. Poskytovanie investičnej pomoci.

Guardado en:
Detalles Bibliográficos
Autor principal: Darmo, Ľubomír, 1984-
Formato: Capítulo de libro
Lenguaje:eslovaco
Materias:
Etiquetas: Agregar Etiqueta
Sin Etiquetas, Sea el primero en etiquetar este registro!

MARC

LEADER 00000nla$a2200000$$$4500
001 0146801
005 20240617094657.7
041 0 |a slo 
044 |a SK 
245 1 0 |a Efektívnosť investičných stimulov  |c Ľubomír Darmo 
520 |a Charakteristika investičných stimulov. Investičné stimuly - fiškálne, finančné, ostatné investičné stimuly. Meranie efektívnosti investičných stimulov. Poskytovanie investičnej pomoci. 
610 2 0 |a investície priame zahraničné 
610 2 0 |a efektívnosť investícií 
610 2 0 |a stimuly 
100 1 |a Darmo, Ľubomír, 1984-